000
00339nam a22001217a 4500
003
SGT
082
_a
200
_b
H98T
100
_a
तिवारी, भोलानाथ
245
_a
मुहावरा लोकोक्ति कोश
260
_b
प्रभात प्रकाशन
_c
1998
300
_a
591
942
_2
ddc
_c
BK
999
_c
31733
_d
31733